Normal view
MARC view
- Dr. Salman Abdul Ghafoor.
Entry Personal Name
001 - CONTROL NUMBER
- control field: 19293
003 - CONTROL NUMBER IDENTIFIER
- control field: NUST
005 - DATE AND TIME OF LATEST TRANSACTION
- control field: 20190817063829.0
008 - FIXED-LENGTH DATA ELEMENTS
- fixed length control field: 190817|| aca||aabn | a|a d
040 ## - CATALOGING SOURCE
- Original cataloging agency: NUST
- Transcribing agency: NUST
100 ## - HEADING--PERSONAL NAME
- Personal name: Dr. Salman Abdul Ghafoor.
670 ## - SOURCE DATA FOUND
- Source citation: Work cat.: (NUST): Khan, Farid Ullah 19291, Impact of Fiber Type on Data Modulated Distributed Raman Amplification /, 2018.
